Songs Based on Real Events: Sudden Death - Statistics

General Stats
  • This quiz has been taken 148 times
  • The average score is 5 of 15
Answers on the Grid
Answers color-coded by a green-red scale on the quiz's grid according to % correct below.
I Don't Like Mondays (Boomtown Rats)
Piano Man (Billy Joel)
The One I Love (REM)
99 Problems (Jay-Z)
Heart of Glass (Blondie)
Polly (Nirvana)
Werewolves of London (Warren Zevon)
Garden Party (Rick Nelson)
Sunday Bloody Sunday (U2)
Ohio (CSNY)
Champagne Supernova (Oasis)
Jeremy (Pearl Jam)
Badge (Cream)
Angie (Rolling Stones)
Streets of Bakersfield (Buck Owens)
Coal Miner's Daughter (Loretta Lynn)
Money for Nothing (Dire Straits)
The Way (Fastball)
Swine (Lady Gaga)
I Took a Pill in Ibiza (Mike Posner)
The Wreck of the Edmund Fitzgerald (Gordon Lightfoot)
 
Answer Stats
Answer % Correct
Sunday Bloody Sunday (U2)
71%
Coal Miner's Daughter (Loretta Lynn)
56%
The Wreck of the Edmund Fitzgerald (Gordon Lightfoot)
53%
Jeremy (Pearl Jam)
42%
I Took a Pill in Ibiza (Mike Posner)
41%
Piano Man (Billy Joel)
40%
I Don't Like Mondays (Boomtown Rats)
36%
Streets of Bakersfield (Buck Owens)
34%
Ohio (CSNY)
33%
Polly (Nirvana)
25%
Money for Nothing (Dire Straits)
19%
Garden Party (Rick Nelson)
18%
The Way (Fastball)
12%
Swine (Lady Gaga)
11%
99 Problems (Jay-Z)
10%
No matching quizzes found
Score Distribution
Percent of People with Each Score
Percentile by Number Answered
Your Score History
You have not taken this quiz